Länder, die das Vereinigte Königreich am häufigsten besuchen - Statistiken

Allgemein
  • Dieses Quiz wurde 12.669 mal gespielt
  • Das Durchschnittsergebnis liegt bei 12 aus 14
Antwortstatistiken
# Besuche Land % Korrekt
3.34 Mio. Deutschland
99%
3.46 Mio. Vereinigte Staaten
98%
4.06 Mio. Frankreich
97%
2.40 Mio. Spanien
96%
1.99 Mio. Italien
91%
2.90 Mio. Irland
90%
2.06 Mio. Niederlande
87%
828 Tsd. Kanada
86%
1.05 Mio. Belgien
84%
821 Tsd. Schweden
84%
1.92 Mio. Polen
83%
940 Tsd. Schweiz
77%
730 Tsd. Dänemark
75%
982 Tsd. Australien
71%
Keine übereinstimmenden Quizze gefunden
Verteilung der Resultate
Anzahl Personen mit jedem Resultat
Perzentil nach korrekt beantworteten Fragen
Ihre Resultats-Entwicklung
Sie haben dieses Quiz noch nicht gespielt